Čo si hračky rozprávali

Bibliographic Details
Main Author: Ďuríčková, Mária, 1919-2004 (Author)
Other Authors: Pauličková, Danica, 1953- (Illustrator)
Format: Book
Language:Slovak
PhysicalDescription:73 s. fareb. ilustr. 25 cm
Published: Bratislava Mladé letá 1997
ISBN:8006008027
Edition:2. vyd.
Subjects:

MARC

LEADER 00000cam a2200000 a 4500
001 vtls001322542
003 SK-MaSNL
005 20260301005450.0
008 240726s1997 xo a br 000 j slo
015 |a SNBA1998/06-01995 
020 |a 8006008027 
035 |a SNK000275222 
035 |a urn:nbn:sk:snk-amk66i 
035 |a urn:nbn:sk:snk-am004oi2 
035 |a 6785B8FB-4DC6-45CB-BBFC-AA32BF6DA06A 
040 |a SNK  |b slo  |c SNK  |e AACR2 
041 0 |a slo 
044 |a xo  |c SK 
072 7 |a 821.162.4-3  |x Slovenská próza  |2 konspekt 
072 7 |a 821-93  |x Literatúra pre deti a mládež (beletria)  |2 konspekt 
080 |a 885.4-3(087.5)  |2 1981 
080 |a 821.162.4-34  |2 2011 
080 |a 82-34:808.1  |2 2011 
080 |a 82-93-053.4/.5  |2 2011 
100 1 |a Ďuríčková, Mária,  |d 1919-2004  |4 aut  |9 200338 
245 1 0 |a Čo si hračky rozprávali  |c Mária Ďuríčková 
250 |a 2. vyd. 
260 |a Bratislava  |b Mladé letá  |c 1997 
300 |a 73 s.  |b fareb. ilustr.  |c 25 cm 
500 |a Ilustr. na tit. strane, front. a predsádkach 
500 |a Ilustr. Danica Pauličková-Angelov 
655 7 |a slovenské rozprávky  |2 SNKPH  |9 70528 
655 7 |a autorské rozprávky  |2 SNKPH  |9 70727 
655 7 |a literatúra pre deti  |2 SNKPH  |9 87135 
700 1 |a Pauličková, Danica,  |d 1953-  |4 ill  |9 8199 
852 |a Slovenská národná knižnica 
919 |a 80-06-00802-7 
954 |a beletria pôvodná (slovenská)  |2 lita 
958 |a OND 
958 |a TL 
958 |a LX 
958 |a DB 
999 |c 545249  |d 547179 
952 |t P60, <03>, [BOOK], {603}  |a SNK  |b SNK  |y PREZ  |7 0  |p 17A0125657  |o snkSC 95153  |i snkKSP 2105/98  |0 0  |1 0  |4 0  |d 1998-03-02  |f 1  |l 0  |r 2025-09-12 00:00:00  |w 2026-02-23 
952 |t P60, <04>, [BOOK], {604}  |a SNK  |b SNK  |y VYP  |7 0  |p 17A0125656  |o snkSC 95153 D1  |i snkKSP 2106/98  |0 0  |1 0  |4 0  |d 1998-03-02  |l 0  |r 2005-01-02 00:00:00  |w 2026-02-23